<?xml version="1.0" encoding="UTF-8"?>
<collection xmlns="http://www.loc.gov/MARC21/slim">
 <record>
  <leader>01336ntm a22003135a 4500</leader>
  <controlfield tag="001">EUN.eunm005678</controlfield>
  <controlfield tag="008">141203s2013####ag#######bm###000#0#spa#d</controlfield>
  <controlfield tag="005">20230809113755.0</controlfield>
  <datafield tag="245" ind1="1" ind2="0">
   <subfield code="a">Propuesta metodológica para potenciar el desarrollo local en pequeños y medianos municipios urbano-rurales del sudoeste bonaerense /</subfield>
   <subfield code="c">Erica M. Porras.</subfield>
  </datafield>
  <datafield tag="260" ind1=" " ind2=" ">
   <subfield code="c">2013.</subfield>
  </datafield>
  <datafield tag="300" ind1=" " ind2=" ">
   <subfield code="a">ix, 212 p. :</subfield>
   <subfield code="b">il. col. ;</subfield>
   <subfield code="c">30 cm.</subfield>
  </datafield>
  <datafield tag="500" ind1=" " ind2=" ">
   <subfield code="a">Director de tesis: Hernán Vigier.</subfield>
  </datafield>
  <datafield tag="502" ind1=" " ind2=" ">
   <subfield code="a">Tesis (doctoral)--Universidad Nacional del Sur. Departamento de Economía, 2013.</subfield>
  </datafield>
  <datafield tag="504" ind1=" " ind2=" ">
   <subfield code="a">Incluye referencias bibliográficas.</subfield>
  </datafield>
  <datafield tag="530" ind1=" " ind2=" ">
   <subfield code="a">Disponible también en formato digital</subfield>
  </datafield>
  <datafield tag="100" ind1="1" ind2=" ">
   <subfield code="a">Porras, Erica M.</subfield>
   <subfield code="4">dis</subfield>
  </datafield>
  <datafield tag="700" ind1="1" ind2=" ">
   <subfield code="a">Vigier, Hernán P.</subfield>
   <subfield code="q">(Hernán Pedro)</subfield>
   <subfield code="4">ths</subfield>
  </datafield>
  <datafield tag="710" ind1="2" ind2=" ">
   <subfield code="a">Universidad Nacional del Sur.</subfield>
   <subfield code="b">Departamento de Economía</subfield>
   <subfield code="4">dgg.</subfield>
  </datafield>
  <datafield tag="082" ind1="0" ind2="4">
   <subfield code="a">040</subfield>
   <subfield code="2">15</subfield>
  </datafield>
  <datafield tag="082" ind1="0" ind2="4">
   <subfield code="a">338.9812</subfield>
   <subfield code="2">21</subfield>
  </datafield>
  <datafield tag="650" ind1=" " ind2="7">
   <subfield code="a">Economía.</subfield>
   <subfield code="2">unbist</subfield>
  </datafield>
  <datafield tag="650" ind1=" " ind2="7">
   <subfield code="a">Desarrollo regional.</subfield>
   <subfield code="2">unbist</subfield>
  </datafield>
  <datafield tag="650" ind1=" " ind2="7">
   <subfield code="a">Ciudades.</subfield>
   <subfield code="2">unbist</subfield>
  </datafield>
  <datafield tag="650" ind1=" " ind2="7">
   <subfield code="a">Gobierno local.</subfield>
   <subfield code="2">unbist</subfield>
  </datafield>
  <datafield tag="651" ind1=" " ind2="7">
   <subfield code="a">Buenos Aires (Argentina)</subfield>
  </datafield>
  <datafield tag="653" ind1=" " ind2=" ">
   <subfield code="a">Desarrollo local</subfield>
  </datafield>
  <datafield tag="856" ind1="4" ind2="1">
   <subfield code="3">Texto completo</subfield>
   <subfield code="u">http://repositoriodigital.uns.edu.ar/handle/123456789/531</subfield>
  </datafield>
  <datafield tag="859" ind1=" " ind2=" ">
   <subfield code="a">AR-BaUNS</subfield>
   <subfield code="b">BIB. CENTRAL - Tesis</subfield>
   <subfield code="h">040</subfield>
   <subfield code="i">B148 2013-1260po</subfield>
   <subfield code="k">R</subfield>
   <subfield code="p">124781/014</subfield>
  </datafield>
  <datafield tag="859" ind1=" " ind2=" ">
   <subfield code="a">AR-BaUNS</subfield>
   <subfield code="b">Dto. Economia</subfield>
   <subfield code="h">040</subfield>
   <subfield code="i">B148 2013-1260po</subfield>
   <subfield code="p">124782/014</subfield>
  </datafield>
 </record>
</collection>
